El cine, quinto poder / (Record no. 51606)

MARC details
000 -LEADER
campo de control de longitud fija 00662nam a2200229 i 4500
001 - NÚMERO DE CONTROL
campo de control 51606
003 - IDENTIFICADOR DE NÚMERO DE CONTROL
campo de control ES-MaACL
005 - FECHA Y HORA DE LA ÚLTIMA TRANSACCIÓN
campo de control 20230906162408.0
007 - CAMPO FIJO DE DESCRIPCIÓN FÍSICA--INFORMACIÓN GENERAL
campo de control de longitud fija t|
008 - DATOS DE LONGITUD FIJA--INFORMACIÓN GENERAL
campo de control de longitud fija 030814s1963 sp ||||1| spa d
100 1# - ENTRADA PRINCIPAL--NOMBRE DE PERSONA
Nombre de persona Chiarini, Luigi.
9 (RLIN) 38466
245 13 - MENCIÓN DEL TÍTULO
Título El cine, quinto poder /
Mención de responsabilidad, etc. Luigi Chiarini ; [versión de Juan Cobos].
260 ## - PUBLICACIÓN, DISTRIBUCIÓN, ETC.
Lugar de publicación, distribución, etc. Madrid :
Nombre del editor, distribuidor, etc. Taurus,
Fecha de publicación, distribución, etc. [1963]
300 ## - DESCRIPCIÓN FÍSICA
Extensión 217 p. ;
Dimensiones 19 cm.
490 1# - MENCIÓN DE SERIE
Mención de serie Ser y tiempo ;
Designación de volumen o secuencia 29
650 00 - PUNTO DE ACCESO ADICIONAL DE MATERIA--TÉRMINO DE MATERIA
Término de materia o nombre geográfico como elemento de entrada Cine-
Subdivisión general Aspectos sociales.
9 (RLIN) 11015
650 #4 - PUNTO DE ACCESO ADICIONAL DE MATERIA--TÉRMINO DE MATERIA
Término de materia o nombre geográfico como elemento de entrada Cine-
Subdivisión geográfica Italia.
9 (RLIN) 171022
700 1# - ENTRADA AGREGADA--NOMBRE PERSONAL
Nombre de persona Cobos, Juan.
9 (RLIN) 39365
830 1# - PUNTO DE ACCESO ADICIONAL DE SERIE-TÍTULO UNIFORME
Título uniforme Ser y tiempo ;
Designación de volumen o secuencia 29
9 (RLIN) 182364
852 ## - LOCALIZACIÓN
Ubicación ES-MaACL
Número de control de estantería E-6405
Holdings
Estatus retirado Estado de pérdida Estado de daño No para préstamo Biblioteca de origen Biblioteca actual Ubicación en estantería Fecha de adquisición Fuente de adquisición Total de préstamos Signatura topográfica completa Código de barras Visto por última vez Precio de reemplazo Tipo de ítem Koha
        Biblioteca del Ateneo de Madrid Biblioteca del Ateneo de Madrid Depósito 2 17/01/2008     E-6405 1054271 23/02/2023 23/02/2023 Libro impreso